00624nam a2200205Ia 4500008004100000020001600041050000900057050001600066100001900082245002100101245005500122260001500177260003500192260000900227300001500236300002000251650001200271999001900283952011600302170203s9999 xx 000 0 und d a0-694013196 aFic  b.B347w 1999 aBaum, Frank L. 4aThe Wizard of Oz c by L. Frank Baum ; with pictures by W.W. Denslow. aNew York : bHarper Collins Publishers Inc. c1999 a199 pages; billustrations : aFantasy c306166d306166 001040aSSISBbSSISBcGS FICTIONd2017-02-03l0oFic .B347w 1999pLS-0991r2017-02-03 00:00:00w2017-02-03yBK